000 00779nam a22002057a 4500
999 _c470
_d470
003 AR-CdUCM
008 190223b ||||| |||| 00| 0 spa d
040 _aMUNICIPALIDAD PROVINCIAL DEL CUSCO
_cBIBLIOTECA MUNICIPAL DEL CUSCO
082 _a370.82 /
_bZ76
100 _aZilbert, Omar
_91558
245 _aLa escuela por dentro /
260 _aLima :
_b Primer Festival del libro pedagógico, Talleres La Confianza,
_c1959.
300 _a95 páginas ;
_c18 cm.
505 _aInvitación al estudio y al debate -- La interrogación infantil y la escuela -- Las escuelas alternas y el tiempo -- Pruebas objetivas y pruebas sin objetividad.
650 _aEducación.
_9460
650 _aEscuela.
_91856
650 _aLibros.
_91857
942 _2ddc
_cLIBROS
945 _amvr
_d2019-02-23